Quo vadis podnikové hospodárstvo?

Súčasná situácia, ale hlavne niektoré smery vývoja celouniverzitného predmetu Podnikové hospodárstvo na Ekonomickej univerzite v Bratislave. Význam a rozvoj samotného predmetu a jeho súčasná podoba.

Salvato in:
Dettagli Bibliografici
Autore principale: Majdúchová, Helena, 1963-
Altri autori: Neumannová, Anna
Natura: Capitolo di libro
Lingua:slovacco
Soggetti:
Tags: Aggiungi Tag
Nessun Tag, puoi essere il primo ad aggiungerne!!

MARC

LEADER 00000nla a2200000 4500
001 0163264
005 20240502072832.4
041 0 |a slo 
044 |a SK 
245 1 0 |a Quo vadis podnikové hospodárstvo?  |c Helena Majdúchová, Anna Neumannová 
520 |a Súčasná situácia, ale hlavne niektoré smery vývoja celouniverzitného predmetu Podnikové hospodárstvo na Ekonomickej univerzite v Bratislave. Význam a rozvoj samotného predmetu a jeho súčasná podoba. 
610 2 0 |a univerzity 
610 2 0 |a štúdium vysokoškolské 
610 2 0 |a vzdelávanie vysokoškolské 
610 2 0 |a programy študijné 
610 2 0 |a predmety učebné 
610 2 0 |a hospodárstvo podnikové 
100 1 |a Majdúchová, Helena, 1963- 
700 1 |a Neumannová, Anna